Holistic art of living/ (Record no. 195335)

MARC details
000 -LEADER
fixed length control field 00539nam a22001817a 4500
005 - DATE AND TIME OF LATEST TRANSACTION
control field 20230320113031.0
010 ## - LCCN (DPL NO)
LC control number ENG-136470
020 ## - INTERNATIONAL STANDARD BOOK NUMBER
International Standard Book Number 9789354659621
Terms of availability 700.00
035 ## - SYSTEM CONTROL NUMBER
System control number EN-120002
037 ## - SOURCE OF ACQUISITION
Source of stock number/acquisition DBAD/PUB
082 ## - DEWEY DECIMAL CLASSIFICATION NUMBER
Classification number 615.05
100 ## - MAIN ENTRY--PERSONAL NAME
Personal name Sharma, S.K.
245 ## - TITLE STATEMENT
Title Holistic art of living/
Statement of responsibility, etc S.K. Sharma
260 ## - PUBLICATION, DISTRIBUTION, ETC. (IMPRINT)
Place of publication, distribution, etc New Delhi
Name of publisher, distributor, etc Bhartiya Vidya Prakashan
Date of publication, distribution, etc 2018
270 ## - ADDRESS
Address 5824, New Chandrawal, Near Mandir, Jawahar Nagar
City New Delhi
Postal code 110007
300 ## - PHYSICAL DESCRIPTION
Extent 280p.
Dimensions 22cm(hbk)
942 ## - ADDED ENTRY ELEMENTS (KOHA)
Source of classification or shelving scheme Dewey Decimal Classification
Item type English Books
Classification part 615.5
Call number suffix SHA
Holdings
Withdrawn status Lost status Not for loan Collection code Home library Current library Date acquired Source of acquisition Cost, normal purchase price Full call number Barcode Copy number Cost, replacement price Koha item type
      Non-fiction Ashok Vihar Ashok Vihar 20/03/2023 DBAD/PUB 700.00 615.5 SHA EN-120002 1 700.00 English Books

© Delhi Public Library
Hit Counter
free hit counter